عرض عادي
عرض مارك
- الطليوني، جهاد فراس.
مدخل إسم شخص
001 - رقم الضبط
- حقل الضبط: 14021
003 - معرف رقم الضبط
- حقل الضبط: OSt
005 - تاريخ ووقت أخر عملية
- حقل الضبط: 20120514144005.0
008 - عناصر بيانات ثابتة الطول
- حقل تحكم ثابت الطول: 120514|||a|||||| | ||| d
040 ## - مصدر الفهرسة
- هيئة الفهرسة الأصلية: OSt
- وكالة الكتابة: OSt
100 ## - مدخل -- أسم شخص
- إسم شخص: الطليوني، جهاد فراس.
670 ## - بيانات المصدر موجوده
- الاستشهاد بالمصدر: Work cat.: (OSt): الطليوني، جهاد فراس., دراسة الجدوى الاقتصادية للمشاريع /, 2011.
